000 00532 a2200157 4500
999 _c3312
_d3312
020 _a0340725311
050 _aLB1513 CLA 1998
100 1 _aClarke, Shirley
245 1 0 _aTargeting assessment in the primary classroom :
_cShirley Clarke
_b strategies for planning, assessment, pupil feedback and target setting /
264 1 _aLondon :
_bHodder Murray,
_c1998
300 _a120p. :
500 _aIncludes index
650 _aEducation, Primary -- Aims and objectives.
942 _2lcc
_cBK
_h1513
_iCLA
_kLB